| 000 -ლიდერი |
| ფიქსირებული სიგრძის საკონტროლო ველი |
00996nam a22002057a 4500 |
| 003 - საკონტროლო ნომრის იდენტიფიკატორი |
| საკონტროლო ველი |
Ge_BSU |
| 005 - ბოლო ოპერაციის თარიღი და დრო |
| საკონტროლო ველი |
20250324130539.0 |
| 008 - ფიქსირებული სიგრძის მონაცემთა ელემენტები - ზოგადი ინფორმაცია |
| ფიქსირებული სიგრძის საკონტროლო ველი |
250324s2001 ge ||||| |||| 00| 0 geo d |
| 020 ## - წიგნის საერთაშორისო სტანდარტული ნომერი |
| International Standard Book Number |
9992846410 |
| 041 ## - ენის კოდი |
| Language code of text/sound track or separate title |
geo |
| 080 ## - უნივერსალური ათობითი კლასიფიკაციის ინდექსი |
| Universal Decimal Classification number |
677.04(075.8) ბ-95 |
| 100 ## - მთავარი ჩანაწერი - პიროვნების სახელი |
| Personal name |
ბუაძე, ელიზავეტა |
| 9 (RLIN) |
24651 |
| 245 ## - ცნობა სათაურის შესახებ |
| Title |
საფეიქრო ქიმიის ფიზიკო-ქიმიური საფუძვლები : |
| Remainder of title |
სახელმძღვ. / |
| Statement of responsibility, etc |
ელიზავეტა ბუაძე ; [რედ. ტრისტან ჯანხოთელი]. |
| 264 ## - წარმოების, გამოცემის, დისტრიბუციის და სხვა ცნობები |
| გამოცემის, წარმოების, დისტრიბუციის... ადგილი |
ქუთაისი : |
| გამოცემის, წარმოების, დისტრიბუციის... სახელწოდება |
საქართველო, |
| გამოცემის, წარმოების, დისტრიბუციის... თარიღი |
2001. |
| 300 ## - ფიზიკური აღწერა |
| Extent |
320 გვ. : |
| Other physical details |
ცხრ., ნახ. ; |
| Dimensions |
22 სმ. |
| 504 ## - BIBLIOGRAPHY, ETC. NOTE |
| Bibliography, etc |
ბიბლიოგრ.: გვ. 311-316. |
| 653 ## - INDEX TERM--UNCONTROLLED |
| Uncontrolled term |
საფეიქრო ქიმია |
| 700 ## - ADDED ENTRY--PERSONAL NAME |
| Personal name |
ჯანხოთელი, ტრისტან |
| Relator term |
რედაქტორი |
| 9 (RLIN) |
24652 |
| 942 ## - ADDED ENTRY ELEMENTS (KOHA) |
| Source of classification or shelving scheme |
|
| Koha item type |
წიგნი |